00185nam a2200073Ia 4500008004100000100000900041245005200050260000900102190216s9999||||xx |||||||||||||| ||und|| aNull 0aHindi-Guru Varnan Parpas Aur Senapathi Ka Kavya bNull